Metu studies in development

Detalles Bibliográficos
Formato: Desconocido
Lenguaje:inglés
Publicado: Ankara : ODTU Iktisadi ve Idari Bilimler Fakultesi
Acceso en línea:Acceso restringido

MARC

LEADER 00000ny a22000003n 4500
005 20110516133241.0
008 101020c199u9999tu un p 0 a0eng d
022 |a 1010-9935 
035 |a 5199 
040 |a BUS  |d vLex 
090 |c 1965  |d 1965 
245 3 0 |a Metu studies in development  |h [Recurso electrn̤ico] 
256 |a Servicio en ln̕ea 
260 |a Ankara :  |b ODTU Iktisadi ve Idari Bilimler Fakultesi 
506 1 |a Contenido solo disponible en los productos indicados  |d vLex Global  |d vLex Global (Academic Edition, excluding Law Schools)  |d vLex Global (U.S. Academic Edition, excluding Law Schools) 
740 |a vLex Revista (Servicios en ln̕ea) 
843 |a Electrn̤ica. Abierta 
853 |8 1  |i (year)  |j (month)  |k (day) 
856 4 0 |z Acceso restringido  |u http://vlex.com/account/login_ip?fuente_id=5199 
942 |c REV 
999 0 |a Development and assitence